| 000 | 01197nam a2200253 a 4500 | ||
|---|---|---|---|
| 999 |
_c448406 _d448406 |
||
| 003 | BLK | ||
| 005 | 20230628134950.0 | ||
| 008 | 220221b bu |||||r|||| 00| ||bu d | ||
| 040 | _aBLK | ||
| 041 |
_aBUL _cBUL |
||
| 080 |
_aСимфоничен оркестър _b785.11 _x(497.215)(062) _z785.11(497.215)(062) |
||
| 110 |
_9471328 _aРусенска филхармония _gСезон 1988 - 1989 г. |
||
| 139 | _bР 95 | ||
| 245 |
_aЦикъл "Съвременна музика" _bВтори концерт : Сезон 1988 - 1989 г. _h[Малотир. изд.] |
||
| 260 |
_aРусе _bб. и. _c1988 |
||
| 300 |
_a8 с. _c21х11 см |
||
| 380 | _a7 | ||
| 500 | _aДиригент: Ханс-Райнер Фьорстер - ГДР; солист: Варти Мануелян (цигулка). - В програмата музика от: Р. Вагнер, Я. Сибелиус, Д. Шостакович. - 28 окт. 1988, 19.30 ч., Дом на културата. | ||
| 653 | 7 |
_9195856 _aРусенска филхармония |
|
| 653 | 0 |
_9471325 _aсимфонични концерти |
|
| 852 |
_bК _cК 78/Р 95 |
||
| 942 |
_cKNG _n0 _s1 _01 |
||
| 944 |
_aCR _c2022-03-11 _kКети |
||